000 00455nam a2200181Ia 4500
001 7498
005 20260306160459.0
008 260306t2012||||xx |||||||||||||| ||spa||
041 _aESP
082 _a339
_bL65
100 _aLinares Salas, Agapito
_eAUT
245 0 _aTeoría y política macroeconómica en una economía abierta
260 _c2012
300 _a373 páginas :
_c24 cm.
650 _aGEN
654 _aCAN
942 _cLIB
_dJUS
_fJUS
_2ddc
_n
999 _c7498
_d7498